000 01100nam a2200253Ia 4500
999 _c5174
_d5174
003 OSt
005 20200408010833.0
008 191128s2007 ck gr 000 0 spa d
020 _a9789588295480
040 _aCO-JMCR
_cCO-JMCR
041 0 _aspa
082 0 4 _a323.042 /
_bP964g
_221
110 1 _aColombia.
_bProcuraduría General de la Nación
_92782
245 1 0 _aGuía de la participación ciudadana /
_cProcuraduría General de la Nación
260 _aBogotá :
_bProcuraduría General de la Nación,
_c2007
300 _a79 páginas ;
_c23 cm.
504 _aBibliografía: paginas 78-79.
505 0 _aEl ejercicio de los derechos de información y acceso libre a la documentación pública -- Fortalecimiento de los derechos ciudadanos el derecho de petición y la acción de tutela toma de decisiones que afectan el ambiente sano -- Justicia transicional verdad
650 1 4 _aParticipación política
_zColombia
_92783
650 1 4 _aDemocracia
_zColombia
_92784
650 1 4 _aSolución de conflictos
_zColombia
_92785
650 1 4 _aDerechos civiles
_zColombia
_92786
942 _2ddc
_cBK